改札口が3つ以上ある新幹線駅 - Statistics

General Stats
  • This quiz has been taken 41 times
  • The average score is 2 of 12
Answers on the Grid
Answers color-coded by a green-red scale on the quiz's grid according to % correct below.
新函館北斗
新青森
八戸
盛岡
北上
仙台
福島
郡山
新白河
宇都宮
大宮
上野
東京
新潟
長岡
越後湯沢
高崎
敦賀
福井
金沢
富山
上越妙高
長野
品川
新横浜
小田原
三島
静岡
掛川
浜松
豊橋
名古屋
京都
新大阪
新神戸
姫路
岡山
福山
広島
徳山
新下関
小倉
博多
久留米
熊本
鹿児島中央
武雄温泉
諫早
長崎
 
Answer Stats
Answer % Correct
仙台
36%
東京
36%
新函館北斗
29%
新大阪
29%
新潟
14%
品川
14%
名古屋
14%
京都
14%
博多
7%
郡山
0%
福井
0%
新横浜
0%
No matching quizzes found
Score Distribution
Percent of People with Each Score
Percentile by Number Answered
Your Score History
You have not taken this quiz